000 00354nam a2200157Ia 4500
003 OSt
005 20240327113936.0
008 170524s9999 xx 000 0 und d
020 _a8847607647
040 _cIIMTU MEERUT
100 _aBonechi - B. E.
245 0 _aMediterranean Cooking
260 _bBonechi - B. E.
260 _c1998
942 _2ddc
_c02
999 _c6685
_d6685